| 000 | 01104nam a22003497a 4500 | ||
|---|---|---|---|
| 001 | 882763 | ||
| 003 | OSt | ||
| 005 | 20210419090552.0 | ||
| 008 | 800919s1980 ilu b 001 0 eng | ||
| 010 | _a 80024305 | ||
| 020 | _a0877431604 (pbk.) | ||
| 040 |
_aDLC _cDLC _dDLC _beng |
||
| 041 | _aeng | ||
| 050 | 0 | 0 |
_aBP365 _b.E8 1980 |
| 080 |
_a821.111 _bE-80 |
||
| 082 | 0 | 0 |
_a297/.89 _219 |
| 100 | 1 |
_aEsslemont, J. E. _q(John Ebenezer), _d1874-1925. |
|
| 245 | 1 | 0 |
_aBahá'u'lláh and the new era : _ban introduction to the Bahá'í faith / _c/ by: Bahá'í Pub. Trust |
| 250 | _a5th revised paper edition | ||
| 260 |
_aWilmette, Ill. _bBahá'í Pub. Trust _c1980. |
||
| 300 |
_axiv, 300 p. _c18 cm. |
||
| 500 | _aIncludes index. | ||
| 504 | _aBibliography: p. 287. | ||
| 600 | 0 | 0 |
_aBaháʾuʾlláh, _d1817-1892. |
| 650 | 0 | _aBahai Faith. | |
| 650 | 0 |
_aEnglish literature _9254 |
|
| 653 | _aინგლისური ლიტერატურა | ||
| 906 |
_a7 _bcbc _corignew _du _eocip _f19 _gy-gencatlg |
||
| 942 |
_2udc _cBK _e5 |
||
| 999 |
_c1783 _d1783 |
||